| 000 | 00324nam a22001337a 4500 | ||
|---|---|---|---|
| 003 | 1 | ||
| 005 | 20241119132345.0 | ||
| 008 | 241119b xxu||||| |||| 00| 0 eng d | ||
| 100 | _aYang, Kelly | ||
| 245 |
_aFront desk/ _cKelly Yang |
||
| 260 |
_aU.S.A. _bScholastic, Inc. _c2018 |
||
| 300 |
_a33 p.; _c190cm.; |
||
| 942 |
_2ddc _cBK |
||
| 999 |
_c366766 _d366766 |
||